Statistics for La Liga 2013-2014

Click here to take the quiz!

General Stats

  • This quiz has been taken 46 times
  • The average score is 13 of 20

Answer Stats

Team% Correct
Barcelona
98%
Real Madrid
98%
Atletico Madrid
91%
Sevilla
91%
Valencia
82%
Real Sociedad
73%
Athletic Bilbao
68%
Malaga
66%
Espanyol
64%
Getafe
61%
Betis
59%
Osasuna
57%
Levante
52%
Granada
50%
Celta Vigo
48%
Villarreal
48%
Valladolid
45%
Almeria
43%
Rayo Vallecano
39%
Elche
36%

Score Distribution

Percentile by Number Answered

Percent of People with Each Score

Your Score History

You have not taken this quiz